| 000 | 01126nam a2200301Ia 4500 | ||
|---|---|---|---|
| 003 | GCL | ||
| 008 | 140319s9999 xx 000 0 ara d | ||
| 040 |
_aGCL / _cGCL |
||
| 082 | 0 | 4 |
_a364.138 _bف د |
| 100 | 1 | _aفضل ضاهر | |
| 245 | 1 | 0 |
_aالدفاع الاجتماعى ومكافحة الجريمة : _bالنهج العلمى فى رصد معدلات الاجرام وتطبيقاته فى مجال مكافحة المخدرات / _cفضل ضاهر |
| 250 | _aالاولى | ||
| 260 |
_aبيروت : _bمؤسسة بحسون للنشر والتوزيع ، _c1994 |
||
| 300 |
_a100+194ص ؛ _c24سم |
||
| 650 | 0 | 4 | _aالجريمة والمجرمون |
| 650 | 0 | 4 | _aادمان المخدرات |
| 650 | 0 | 4 | _aالمخدرات والشباب |
| 650 | 0 | 4 | _aالخدمة الاجتماعية |
| 650 | 0 | 4 | _aالمخدرات |
| 650 | 0 | 4 | _aمكافحة المخدرات |
| 650 | 0 | 4 | _aعلم الاجرام |
| 650 | 0 | 4 | _aالافيون |
| 650 | 0 | 4 | _aالدفاع الاجتماعى |
| 650 | 0 | 4 | _aالكوكايين |
| 650 | 0 | 4 | _aالمورفين |
| 650 | 0 | 4 | _aمكافحة الجريمة |
| 942 |
_2ddc _cBK |
||
| 999 |
_c58908 _d58908 |
||